Регионална библиотека "Любен Каравелов" - Русе

Обща теория на пазарното стопанство (Запис номер 41563)

MARC детайли
000 -Лидер
Контролно поле с фиксирана дължина 01572nam a2200373 c 4500
003 - Код на организацията, давaща контролен номер
Контролно поле BLK
005 - Дата и час на последна редакция
Контролно поле 20180422100818.0
008 - Елементи от данни с фиксирана дължина
fixed length control field 180408b bul|||||r ||||||| ||bul||
010 ## - Наследен системен номер
LC control number KNG00045134000
040 ## - Източник на каталожния запис
Идентификатор на билиотеката - собственик на записа BLK
041 ## - Код за език
Код за езика на текст/звукозапис или на отделно заглавие Български
Код за езика КДБФ Български
080 ## - УДК
Текстов определител УДК Макроикономика. Микроикономика
УДК код - определител по УДК 330.101.54
УДК определител (075.8)
УДК - код + определител 330.101.54(075.8)
100 1# - Редна дума - Автор
Автор Савов, Стоядин Петков
Авторска отговорност първи автор
R(LIN) 364740
139 ## - Редно поле
Редна дума Савов, Стоядин Петков
Авторски знак Стоя - С 83
245 10 - Сведения за заглавието
Заглавие Обща теория на пазарното стопанство
Подзаглавни данни Авторизиран курс по Economics : За студентите от ВУЗ : Т. 1 -
Редно поле (дума) Стоядин Петков Савов.
Том Т. 1
257 ## - Страна на издаване
Страна на създаване/издаване България
260 ## - Област на издателските данни
-- София
Име на издателя, разпространителя и проч. СИКОМ-22
Година на издаване 1990 -
300 ## - Физическа характеристика
Размери/Мащаб 23 см
380 ## - Жанр
Жанр Обществени науки
500 ## - Общи забележки
Забележка Авт. не е отбелязан на кор. - Офс. изд.
650 #4 - Допълнително описание по предмет – тема
Основно описание – тема или топоним Макроикономика - учебници за ВУЗ
9 (RLIN) 244890
650 #4 - Допълнително описание по предмет – тема
Основно описание – тема или топоним Икономика - учебници за ВУЗ
9 (RLIN) 243428
650 #4 - Допълнително описание по предмет – тема
Основно описание – тема или топоним Пазарно стопанство
9 (RLIN) 265868
653 ## - Ключова дума – ненормативна
Ключова дума икономика
653 ## - Ключова дума – ненормативна
Ключова дума макроикономика
653 ## - Ключова дума – ненормативна
Ключова дума пазарно стопанство
653 ## - Ключова дума – ненормативна
Ключова дума учебници за ВУЗ
760 1# - Описание на основната серия
Редна дума на основното описание Савов, Стоядин Петков
Място на издаване, издател и година 1990
Страници - том 247 с. : с табл., диагр.
Забележка - том 5 000 тир.
Заглавие Т. 1
852 ## - Местоположение
Форматна сигнатура Цб 166242
856 4# - Електронен адрес и достъп
Електронен формат pdf - файл
Път до файла /url/
856 4# - Електронен адрес и достъп
Електронен формат pdf - файл
Път до файла /url/
942 ## - АРТИКУЛИ
Вид на библиотечния материал Книги
Скрит в OPAC Не
944 ## - СЪЗДАВАНЕ И РЕДАКЦИЯ на ЗАПИСА
Създаване/Редакция Създаване
Дата на регистрацията/редакция 01.01.1999
Служител, извършил регистрацията/редакцията Людмила_Стоянова
944 ## - СЪЗДАВАНЕ И РЕДАКЦИЯ на ЗАПИСА
Създаване/Редакция Редакция
Дата на регистрацията/редакция 23.04.2010
Служител, извършил регистрацията/редакцията
999 ## - СИСТЕМНИ КОНТРОЛНИ НОМЕРА
Koha biblionumber 41563
Koha biblioitemnumber 41563
Наличности
Код за отписване Код за изгубен артикул Източник на класификационната схема Код за повреда Коз за рестрикции Код за отдаване Артикулен № Име на библиотеката - собственик Име на библиотеката, в която се намира в момента Статус (Текущо местоположение) Дата на вписване в системата Местоположение - отдел Цена в лева Инвентарен номер Систематично азбучна сигнатура Баркод Номер на екземпляра Цена в евро Служебна бележка Служебен тип на артикула
  Не е изгубен Universal Decimal Classification Не е повреден без рестрикции ползва се в читалня 65183 Регионална библиотека "Любен Каравелов" Русе Регионална библиотека "Любен Каравелов" Русе Хранилище 1990-01-01 Хранилище 48.00 548265 Цб 166242 120000548265 1 24.54 Дост: Dp Вид: Д N: стар фонд Дата: 01.01.1990 Книги
Изтеглен Не е изгубен   Не е повреден без рестрикции заемане за дома 65184 Регионална библиотека "Любен Каравелов" Русе Регионална библиотека "Любен Каравелов" Русе Заемна - подръчен фонд 1990-01-01 Заемна - подръчен фонд 48.00 568330 П 330.1/С 83 568330 2 24.54 Дост: Pk Вид: Ф N: стар фонд Дата: 01.01.1990 Дата инв: 05.02.2018 Бележки инв: П2018 Книги
Vip Innovations Ltd, Rousse, Bulgaria 2025